Medzinárodné vzťahy Kolumbie a európskych krajín pri výmene kávy bakalárska práca

Na minha lista:
Detalhes bibliográficos
Autor principal: Siebenstichová, Ingrid
Autor Corporativo: Fakulta medzinárodných vzťahov EU. Katedra medzinárodných ekonomických vzťahov a hospodárskej diplomacie
Outros Autores: Grešš, Martin, 1978-
Formato: Livro
Idioma:eslovaco
Publicado em: Bratislava 2019
Tags: Adicionar Tag
Sem tags, seja o primeiro a adicionar uma tag!

MARC

LEADER 00000nbm a2200000 4500
001 0255154
005 20190813100557.5
041 0 |a slo 
044 |a SK 
245 1 0 |a Medzinárodné vzťahy Kolumbie a európskych krajín pri výmene kávy  |b bakalárska práca  |c Ingrid Siebenstichová ; školiteľ: Martin Grešš 
264 1 |a Bratislava  |c 2019 
300 |a 41 s. 
100 1 |a Siebenstichová, Ingrid 
700 1 |a Grešš, Martin, 1978- 
710 2 |a Fakulta medzinárodných vzťahov EU. Katedra medzinárodných ekonomických vzťahov a hospodárskej diplomacie